Normal view
MARC view
Entry Personal Name
001 - CONTROL NUMBER
- control field: 108
003 - CONTROL NUMBER IDENTIFIER
- control field: OSt
005 - DATE AND TIME OF LATEST TRANSACTION
- control field: 20231211114938.0
008 - FIXED-LENGTH DATA ELEMENTS
- fixed length control field: 231211|| aca||aabn | a|a d
040 ## - CATALOGING SOURCE
- Original cataloging agency: OSt
- Transcribing agency: OSt
100 ## - HEADING--PERSONAL NAME
- Personal name: Turjiman,Fadi AI
670 ## - SOURCE DATA FOUND
- Source citation: Work cat.: (OSt)35994: Turjiman,Fadi AI, Security in IOT enabled spaces, 2019